000 00326nam a22001457a 4500
008 221206b ||||| |||| 00| 0 eng d
020 _a9781585038749
041 _aeng
080 _a004
082 _a004 LOC
100 _a18
101 _aSHKP
245 _aTUTORIAL GUIDE TO AUTOCAD 2015
_cLOCKHART SH
942 _2udc
_cBK
999 _c59110
_d59110